[Event "Bogota op 10"]
[Site "Bogota"]
[Date "2012.10.17"]
[Round "7"]
[White "Romo Bucheli, David"]
[Black "Gomez, Maria Helena"]
[Result "1-0"]
[WhiteElo "1940"]
[BlackElo "1846"]
[PlyCount "49"]
[EventDate "2012.10.11"]
[EventType "swiss"]
[EventRounds "9"]
[EventCountry "COL"]
[SourceTitle "EXT 2013"]
[Source "ChessBase"]
[SourceDate "2012.11.22"]
[SourceVersion "1"]
[SourceVersionDate "2012.11.22"]
[SourceQuality "1"]

1. e4 c5 2. Nf3 Nc6 3. Bb5 Nf6 4. e5 Nd5 5. 0-0 g6 6. Bxc6 bxc6 7. d3 Bg7 8. Nc3 0-0 9. Ne4 d6 10. b3 Bg4 11. Bb2 a5 12. Rb1 a4 13. exd6 exd6 14. Bxg7 Kxg7 15. c4 Nb6 16. h3 Bxf3 17. Qxf3 f5 18. Nc3 Qc7 19. b4 Nd7 20. Qd1 a3 21. b5 Rfe8 22. Rb3 Ra5 23. Qa1 Kg8 24. bxc6 Qxc6 25. Rfb1 1-0

[Event "Bogota IRT op 06"]
[Site "Bogota"]
[Date "2012.06.11"]
[Round "7"]
[White "Corredor Castellanos, Camilo"]
[Black "Romo Bucheli, David"]
[Result "1-0"]
[WhiteElo "1822"]
[BlackElo "1991"]
[PlyCount "57"]
[EventDate "2012.06.08"]
[EventType "swiss"]
[EventRounds "7"]
[EventCountry "COL"]
[SourceTitle "CBM 148 Extra"]
[Source "ChessBase"]
[SourceDate "2012.06.22"]
[SourceVersion "1"]
[SourceVersionDate "2012.06.22"]
[SourceQuality "1"]

1. e4 c5 2. Nf3 Nc6 3. d4 cxd4 4. Nxd4 g6 5. Nc3 Bg7 6. Be3 Nf6 7. Qd2 0-0 8. Bc4 Ng4 9. 0-0-0 Nxe3 10. Qxe3 Nxd4 11. Rxd4 Bxd4 12. Qxd4 Qb6 13. Qxb6 axb6 14. Rd1 d6 15. Nd5 Ra4 16. b3 Rxa2 17. Kb1 Ra5 18. Nxe7+ Kg7 19. Rxd6 Re5 20. Nxc8 Rxc8 21. Rd7 Rxe4 22. Rxf7+ Kh6 23. Rxb7 Rf4 24. f3 Rf6 25. h4 Rf4 26. g4 Rh8 27. Kc1 Rd4 28. Be2 Rd6 29. f4 1-0

[Event "Bogota IRT op 06"]
[Site "Bogota"]
[Date "2012.06.11"]
[Round "6"]
[White "Romo Bucheli, David"]
[Black "Caceres Quintero, Gerson Mauricio"]
[Result "1-0"]
[WhiteElo "1991"]
[BlackElo "1734"]
[PlyCount "49"]
[EventDate "2012.06.08"]
[EventType "swiss"]
[EventRounds "7"]
[EventCountry "COL"]
[SourceTitle "CBM 148 Extra"]
[Source "ChessBase"]
[SourceDate "2012.06.22"]
[SourceVersion "1"]
[SourceVersionDate "2012.06.22"]
[SourceQuality "1"]

1. e4 d5 2. exd5 Nf6 3. d4 Nxd5 4. c4 Nb6 5. Nc3 Bf5 6. Be3 e6 7. Nf3 c6 8. Be2 Be7 9. 0-0 Na6 10. d5 0-0 11. Nd4 Rc8 12. dxc6 bxc6 13. Nxf5 exf5 14. Qc2 Qd7 15. a3 Qe6 16. Bd3 g6 17. Rfe1 Qf6 18. b4 Nc7 19. Na4 Nca8 20. Bf4 Nd7 21. Rad1 Rfd8 22. Bc1 Bf8 23. Bb2 Qg5 24. Qc3 Nab6 25. Qh8# 1-0

[Event "Bogota op 05"]
[Site "Bogota"]
[Date "2012.05.19"]
[Round "3"]
[White "Melo Ramirez, Marlon Roman"]
[Black "Romo Bucheli, David"]
[Result "0-1"]
[WhiteElo "1943"]
[BlackElo "1991"]
[PlyCount "60"]
[EventDate "2012.05.18"]
[EventType "swiss"]
[EventRounds "7"]
[EventCountry "COL"]
[SourceTitle "CBM 148 Extra"]
[Source "ChessBase"]
[SourceDate "2012.06.22"]
[SourceVersion "1"]
[SourceVersionDate "2012.06.22"]
[SourceQuality "1"]

1. e4 c5 2. Nc3 g6 3. f4 Bg7 4. Nf3 e6 5. Bc4 Ne7 6. Bb3 0-0 7. 0-0 d5 8. d3 Qb6 9. Kh1 d4 10. Ne2 Qc7 11. Qe1 b5 12. Qh4 c4 13. dxc4 bxc4 14. f5 exf5 15. Bf4 Qc5 16. Ba4 fxe4 17. Nfxd4 Nbc6 18. c3 Nf5 19. Nxf5 Bxf5 20. Rad1 Ne5 21. Nd4 Rab8 22. Bh6 Bxh6 23. Qxh6 Ng4 24. Qh4 e3 25. Rxf5 gxf5 26. h3 Nf2+ 27. Kg1 Rb6 28. Rf1 Rg6 29. Bd7 Qd5 30. Nf3 Qxf3 0-1

[Event "Bogota op 03"]
[Site "Bogota"]
[Date "2012.03.17"]
[Round "3"]
[White "Romo Bucheli, David"]
[Black "Becerra, Juan David"]
[Result "0-1"]
[WhiteElo "2003"]
[BlackElo "2318"]
[PlyCount "56"]
[EventDate "2012.03.15"]
[EventType "swiss"]
[EventRounds "7"]
[EventCountry "COL"]
[SourceTitle "CBM 147 Extra"]
[Source "ChessBase"]
[SourceDate "2012.04.24"]
[SourceVersion "1"]
[SourceVersionDate "2012.04.24"]
[SourceQuality "1"]

1. c4 e5 2. Nc3 Nf6 3. g3 Bb4 4. Bg2 0-0 5. e3 c6 6. Nge2 d5 7. cxd5 cxd5 8. a3 Ba5 9. d4 e4 10. 0-0 Bg4 11. Qb3 Qd7 12. f3 exf3 13. Bxf3 Bh3 14. Nxd5 Nxd5 15. Bxd5 Bxf1 16. Kxf1 Nc6 17. Qb5 Bc7 18. e4 Bb6 19. Kg2 Kh8 20. Bf4 f5 21. exf5 Rxf5 22. Bxc6 bxc6 23. Qc4 Re8 24. Rf1 c5 25. Be5 Qb7+ 26. Kg1 Rxf1+ 27. Kxf1 cxd4 28. Bxd4 Qf3+ 0-1

[Event "Bogota McGregor op 2nd"]
[Site "Bogota"]
[Date "2011.12.11"]
[Round "10"]
[White "Romo Bucheli, David"]
[Black "Ovalles, Otto"]
[Result "1/2-1/2"]
[WhiteElo "1984"]
[BlackElo "2175"]
[PlyCount "56"]
[EventDate "2011.12.06"]
[EventType "swiss"]
[EventRounds "10"]
[EventCountry "COL"]
[SourceTitle "CBM 145 Extra"]
[Source "ChessBase"]
[SourceDate "2012.01.03"]
[SourceVersion "1"]
[SourceVersionDate "2012.01.03"]
[SourceQuality "1"]

1. e4 c6 2. d4 d5 3. e5 Bf5 4. Nf3 e6 5. Be2 Nd7 6. 0-0 Ne7 7. Nbd2 c5 8. c4 a6 9. Qa4 dxc4 10. dxc5 Nc6 11. Qxc4 Bxc5 12. Ne4 b5 13. Nd6+ Kf8 14. Qf4 Bxd6 15. exd6 h6 16. Nd4 Nxd4 17. Qxd4 e5 18. Qb4 Rb8 19. Bd2 Qf6 20. Rac1 g5 21. Rc6 Kg7 22. Rxa6 Rhc8 23. Ra7 Rc6 24. Bxb5 Rxd6 25. Re1 Rxd2 26. Qxd2 Rxb5 27. b4 Be6 28. a4 Rd5 1/2-1/2

[Event "Bogota McGregor op 2nd"]
[Site "Bogota"]
[Date "2011.12.09"]
[Round "7"]
[White "Verastegui Noguera, Fernando"]
[Black "Romo Bucheli, David"]
[Result "0-1"]
[WhiteElo "2114"]
[BlackElo "1984"]
[PlyCount "72"]
[EventDate "2011.12.06"]
[EventType "swiss"]
[EventRounds "10"]
[EventCountry "COL"]
[SourceTitle "CBM 145 Extra"]
[Source "ChessBase"]
[SourceDate "2012.01.03"]
[SourceVersion "1"]
[SourceVersionDate "2012.01.03"]
[SourceQuality "1"]

1. d4 Nf6 2. c4 e6 3. Nf3 b6 4. Nc3 Bb4 5. Bg5 0-0 6. Rc1 h6 7. Bxf6 Qxf6 8. e4 Bxc3+ 9. Rxc3 d6 10. e5 Qe7 11. Bd3 Bb7 12. Bb1 f5 13. h4 Nd7 14. Re3 dxe5 15. Nxe5 Nxe5 16. Rxe5 Qb4+ 17. Qd2 Qxc4 18. b3 Qc6 19. f3 Rad8 20. Qe3 Rxd4 21. 0-0 Rxh4 22. Rxe6 Qd5 23. Bd3 f4 24. Qe1 Qc5+ 25. Rf2 Qh5 26. Rf1 Rh1+ 27. Kf2 Qc5+ 28. Ke2 Rh2 29. Qf2 Qc3 30. Rd1 Rd8 31. Qf1 Rxd3 32. Rxd3 Ba6 33. Re8+ Kh7 34. Red8 Qc2+ 35. Ke1 Rxg2 36. Rd1 Bxf1 0-1

[Event "Medellin Cuartas Memorial"]
[Site "Medellin"]
[Date "2011.08.04"]
[Round "2"]
[White "Romo Bucheli, David"]
[Black "Martinez, Jorge Alexander"]
[Result "0-1"]
[WhiteElo "2036"]
[BlackElo "2193"]
[PlyCount "66"]
[EventDate "2011.08.03"]
[EventType "swiss"]
[EventRounds "8"]
[EventCountry "COL"]
[SourceTitle "CBM 144 Extra"]
[Source "ChessBase"]
[SourceDate "2011.10.28"]
[SourceVersion "1"]
[SourceVersionDate "2011.10.28"]
[SourceQuality "1"]

1. e4 c5 2. Nf3 e6 3. d4 cxd4 4. Nxd4 a6 5. Nc3 Qc7 6. g3 b5 7. Bg2 Bb7 8. 0-0 Nf6 9. Qe2 d6 10. Bg5 Be7 11. Rad1 0-0 12. Rfe1 Nbd7 13. f4 h6 14. Bh4 b4 15. Na4 Rfe8 16. c3 Qa5 17. Qc2 bxc3 18. Nxc3 Rab8 19. Qd2 Qb6 20. Kh1 Bf8 21. Na4 Qa7 22. Rc1 Rbc8 23. Rxc8 Rxc8 24. b3 d5 25. e5 Ne4 26. Bxe4 dxe4 27. Qe3 Bc5 28. Nxc5 Qxc5 29. h3 Nb6 30. Nc2 Qxc2 31. Qxb6 Bd5 32. Qe3 Rc3 33. Re2 Qd3 0-1

[Event "Bogota Mayores Distrital op 07"]
[Site "Bogota"]
[Date "2011.07.24"]
[Round "7"]
[White "Romo Bucheli, David"]
[Black "Puentes, Gabriel Francisco"]
[Result "0-1"]
[WhiteElo "2036"]
[BlackElo "1855"]
[PlyCount "76"]
[EventDate "2011.07.20"]
[EventType "swiss"]
[EventRounds "7"]
[EventCountry "COL"]
[SourceTitle "EXT 2012"]
[Source "ChessBase"]
[SourceDate "2011.11.24"]
[SourceVersion "1"]
[SourceVersionDate "2011.11.24"]
[SourceQuality "1"]

1. c4 Nf6 2. Nc3 g6 3. Nf3 Bg7 4. d4 0-0 5. e4 d6 6. Be2 e5 7. d5 a5 8. Bg5 Na6 9. 0-0 Bd7 10. a3 Qe7 11. Rb1 Rfe8 12. b4 axb4 13. axb4 Qf8 14. Nd2 h6 15. Bh4 Nh7 16. f3 f5 17. Bf2 f4 18. Qb3 g5 19. c5 dxc5 20. Bxa6 Rxa6 21. Bxc5 Qf7 22. b5 Rg6 23. b6 c6 24. dxc6 Qxb3 25. Nxb3 Bxc6 26. Rfd1 Nf6 27. Na5 Rc8 28. Nxc6 Rxc6 29. Na4 h5 30. Rd8+ Kh7 31. Kf2 g4 32. Rd6 Nxe4+ 33. fxe4 Rgxd6 34. Bxd6 Rxd6 35. Rc1 Bf8 36. Rc7+ Kg6 37. Nc5 Rxb6 38. Rxb7 Bxc5+ 0-1

[Event "Bogota Mayores Distrital op 07"]
[Site "Bogota"]
[Date "2011.07.22"]
[Round "3"]
[White "Romo Bucheli, David"]
[Black "Bejarano, Danny Andres"]
[Result "0-1"]
[WhiteElo "2036"]
[BlackElo "1962"]
[PlyCount "50"]
[EventDate "2011.07.20"]
[EventType "swiss"]
[EventRounds "7"]
[EventCountry "COL"]
[SourceTitle "EXT 2012"]
[Source "ChessBase"]
[SourceDate "2011.11.24"]
[SourceVersion "1"]
[SourceVersionDate "2011.11.24"]
[SourceQuality "1"]

1. e4 e6 2. d4 d5 3. Nd2 c5 4. Ngf3 Nc6 5. exd5 exd5 6. dxc5 Bxc5 7. Bb5 Nge7 8. 0-0 0-0 9. Nb3 Bd6 10. Bg5 f6 11. Bh4 Bg4 12. Bg3 Bxg3 13. fxg3 Qb6+ 14. Kh1 Qxb5 15. Qd2 Bxf3 16. Rxf3 Ne5 17. Rf4 Nc4 18. Qe2 Ng6 19. Qe6+ Kh8 20. Rd4 Rad8 21. Qh3 Rfe8 22. Rg4 Nf8 23. Nd4 Qxb2 24. Rf1 Ne3 25. Rxg7 Qxd4 0-1

[Event "Bogota Mayores Distrital op 06"]
[Site "Bogota"]
[Date "2011.06.18"]
[Round "4"]
[White "Romo Bucheli, David"]
[Black "Estrella Becerra, Fernando"]
[Result "1/2-1/2"]
[WhiteElo "2014"]
[BlackElo "2077"]
[PlyCount "85"]
[EventDate "2011.06.16"]
[EventType "swiss"]
[EventRounds "7"]
[EventCountry "COL"]
[SourceTitle "EXT 2012"]
[Source "ChessBase"]
[SourceDate "2011.11.24"]
[SourceVersion "1"]
[SourceVersionDate "2011.11.24"]
[SourceQuality "1"]

1. e4 d6 2. d4 Nf6 3. Nc3 g6 4. Nf3 Bg7 5. h3 c6 6. Be3 Qc7 7. e5 Nd5 8. Nxd5 cxd5 9. Bb5+ Nc6 10. Qd2 a6 11. exd6 Qxd6 12. Ba4 0-0 13. 0-0 Bf5 14. c3 b5 15. Bf4 Qd7 16. Bb3 a5 17. Ne5 Nxe5 18. dxe5 Rfd8 19. g4 Be6 20. Bh6 d4 21. Bxe6 Qxe6 22. Bxg7 Kxg7 23. f4 Qb6 24. Kh2 dxc3 25. Qxc3 Rac8 26. Qf3 Rc2+ 27. Kg3 Rcd2 28. Rad1 Qd4 29. Rxd2 Qxd2 30. Rf2 Qe1 31. Kg2 Rd2 32. Rxd2 Qxd2+ 33. Qf2 Qd5+ 34. Kh2 Qxa2 35. f5 f6 36. exf6+ exf6 37. Qa7+ Qf7 38. Qxa5 Qd7 39. fxg6 hxg6 40. Qc3 Qd6+ 41. Kg2 Qd5+ 42. Qf3 Qe5 43. b3 1/2-1/2